00546nam a22001817a 450000500170000001000130001702000260003003500130005603700140006908200140008310000220009724500910011926000380021027000450024830000250029349000250031870000210034320180310113142.0 aB-663983 a9788126033331c200.00 aB-663983 adpl bPBD a891.44371 aBhaduri, Satinath aDhorai Charit Manas /cby Satinath Bhaduri ; translated from Bengali by Ipshita Chanda aNew Delhi bSahitya Akademic2014 aSwati, Mandir Marg, bNew Delhi e110001 axiv,343p. c23cm(Hb) aKatha Bharti Series  aChanda, Ipshita